00618nam a2200181Ia 4500003000900000008004100009020001800050040001600068080002300084100003100107245009400138260003700232300001500269650002800284942000700312999001700319952010000336IN-BaIIA211028s9999 xx 000 0 eng d a0-7923-3374-8 cIIA Library a52(082.1)bASS-199 aTandberg-Hanssen, E919577 0aNature of solar prominencescE. Tandberg-Hanssen  aDordrechtbKluwer Academicc1995 axv, 308 p. aSolar prominences93374 cBK c12079d12079 00104070aBANbKODcGENd1997-05-02l0o52(082.1)/ ASS-199p12995r2021-11-05w1997-05-02yBK